Dwadzieścia lat działalności Instytutu Kaszubskiego (1996-2016). (Rekord nr 27263)
| 000 -Nagłówek | |
|---|---|
| fixed length control field | 01493cam a2200457 i 4500 |
| 001 - Nr kontrolny bibl., która utworzyła rek. | |
| control field | xx004343213 |
| 003 - Siglum bibl., której nr kontr. jest w 001 | |
| control field | NUKAT |
| 005 - Data i czas ostatniej operacji | |
| control field | 20260325130144.0 |
| 008 - Elementy pola stałej długości | |
| fixed length control field | 180612s2017 pl a g |000 0 pol c |
| 020 ## - ISBN | |
| ISBN | 9788365826091 |
| dopowiedzenie | (oprawa miękka) |
| 035 ## - Systemowy numer kontrolny | |
| systemowy numer kontrolny | (OCoLC)1043041083 |
| 035 ## - Systemowy numer kontrolny | |
| systemowy numer kontrolny | (NUKAT)xx004343213 |
| 040 ## - Instytucja sporządzająca opis | |
| Instytucja, która sporządziła opis | WŁ 004/BŻ |
| język katalgowania-trzyzn. kod | pol |
| zasady opisu | rda |
| Instytucja, która sporządziła rekord | WŁ 004/BŻs |
| Instytucja, która zmodyfikowała rekord | WŁ 004/KK |
| -- | OLSZT 008/bak |
| 045 2# - Okres czasu dla zawartości | |
| czas między r. 9999 pne a nasz. czas. | 1996 |
| -- | 2016 |
| 046 ## - Kod rodz. daty, data1, data2 (daty pne) | |
| Begin/single date | 2017 |
| 245 00 - Tytuł właściwy i oznaczenie odpow. | |
| tytuł | Dwadzieścia lat działalności Instytutu Kaszubskiego (1996-2016). |
| 260 ## - Adres wydawniczy | |
| miejsce wydania, dystrybucji itp. | Gdańsk : |
| nazwa wydawcy, dystrybutora itp. | Instytut Kaszubski, |
| data wydania, dystrybucji itp. | 2017. |
| 300 ## - Opis fizyczny | |
| objętość i/lub forma materiału | 112 stron : |
| inne szczegóły opisu fizycznego | ilustracje ; |
| format | 20x20 cm. |
| 336 ## - Content Type | |
| Term | Tekst |
| Code | txt |
| Source | rdacontent |
| 337 ## - Media Type | |
| Term | Bez urządzenia pośredniczącego |
| Code | n |
| Source | rdamedia |
| 338 ## - Carrier Type | |
| Term | Wolumin |
| Code | nc |
| Source | rdacarrier |
| 380 ## - Form of work | |
| Form of work | Książki |
| 380 ## - Form of work | |
| Form of work | Publikacje promocyjne |
| 388 1# - TIME PERIOD OF CREATION | |
| Time period of creation term | 2001- |
| 610 27 - Hasło przedmiotowe-nazwa ciała zbior. | |
| nazwa ciała zbior. lub geogr. | Instytut Kaszubski |
| źródło hasła | DBN |
| 9 (RLIN) | 38942 |
| 648 #7 - SUBJECT ADDED ENTRY--CHRONOLOGICAL TERM | |
| Chronological term | 1901-2000 |
| Source of heading or term | DBN |
| 9 (RLIN) | 34996 |
| 648 #7 - SUBJECT ADDED ENTRY--CHRONOLOGICAL TERM | |
| Chronological term | 1989-2000 |
| Source of heading or term | DBN |
| 9 (RLIN) | 36156 |
| 648 #7 - SUBJECT ADDED ENTRY--CHRONOLOGICAL TERM | |
| Chronological term | 2001- |
| Source of heading or term | DBN |
| 9 (RLIN) | 36393 |
| 650 #7 - Hasło przedmiotowe-nazwa pospolita | |
| nazwa pospolita lub geogr. | Kaszubi |
| źródło hasła | DBN |
| 9 (RLIN) | 36343 |
| 650 #7 - Hasło przedmiotowe-nazwa pospolita | |
| nazwa pospolita lub geogr. | Organizacje naukowe |
| źródło hasła | DBN |
| 9 (RLIN) | 38943 |
| 650 #7 - Hasło przedmiotowe-nazwa pospolita | |
| nazwa pospolita lub geogr. | Regionalizm |
| źródło hasła | DBN |
| 9 (RLIN) | 38944 |
| 651 #7 - Hasło przedmiotowe-nazwa geogr. | |
| nazwa geograficzna | Kaszuby |
| źródło hasła | DBN |
| 9 (RLIN) | 37663 |
| 651 #7 - Hasło przedmiotowe-nazwa geogr. | |
| nazwa geograficzna | Pomorze |
| źródło hasła | DBN |
| 9 (RLIN) | 36214 |
| 655 #7 - Termin określający rodzaj/formę | |
| rodzaj/forma | Opracowanie |
| źródło terminu | DBN |
| 9 (RLIN) | 35024 |
| 655 #7 - Termin określający rodzaj/formę | |
| rodzaj/forma | Publikacja okolicznościowa |
| źródło terminu | DBN |
| 9 (RLIN) | 36813 |
| 658 ## - Nazwa określająca cel programu nauczania | |
| główny cel programu nauczania | Historia |
| 658 ## - Nazwa określająca cel programu nauczania | |
| główny cel programu nauczania | Nauka i badania |
| 710 2# - Hasło dodatkowe - nazwa ciała zbior. | |
| nazwa ciała zbior. lub nazwa geogr. | Instytut Kaszubski (Gdańsk). |
| rodzaj współpracy | Wydawca |
| kod rodzaju współpracy | pbl |
| 9 (RLIN) | 13050 |
| 920 ## - ISBN | |
| ISBN | 978-83-65826-09-1 (oprawa miękka) |
| 942 ## - ADDED ENTRY ELEMENTS (KOHA) | |
| Source of classification or shelving scheme | Dewey Decimal Classification |
| Koha item type | pozycje dostępne na miejscu |
| Status wycofania | Status zagubienia | Klasyfikacja | Status uszkodzenia | Blokada wypożyczeń | Kolekcja | Lokalizacja macierzysta | Lokalizacja bieżąca | Data nabycia | Numer akcesji | Źródło akcesji | Cena | Nr inwentarzowy | il. wypożyczeń | Sygnatura | Kod kreskowy | Date last seen | Price effective from | Typ egz. |
|---|---|---|---|---|---|---|---|---|---|---|---|---|---|---|---|---|---|---|
| Dewey Decimal Classification | nieuszkodzona | książka w magazynie | Biblioteka Instytutu Północnego w Olsztynie | Biblioteka Instytutu Północnego w Olsztynie | 26/04/2019 | D-25/2019 | dar | 15.00 | 59773 | 59773 | IPWK21469 | 25/03/2026 | 25/03/2026 | pozycje dostępne na miejscu |